[Event "Finale kadetskih liga-kadeti 2016."]
[Site "Djurdjevac"]
[Date "2016.12.28"]
[Round "3.22"]
[White "Cvitan, Ena"]
[Black "Jakrlin, Mihael"]
[Result "1/2-1/2"]
[WhiteElo "2079"]
[BlackElo "1663"]
[PlyCount "155"]
[EventDate "2016.12.27"]

1. Nf3 Nf6 2. e3 g6 3. d4 Bg7 4. c4 c5 5. Nc3 O-O 6. Be2 d6 7. O-O Bg4 8. h3
Bf5 9. Qb3 Qc7 10. d5 a6 11. Na4 Nbd7 12. Nh4 Ne5 13. Nxf5 gxf5 14. Nc3 Kh8 15.
Qc2 e6 16. Rd1 Rad8 17. e4 Nxe4 18. Nxe4 fxe4 19. Qxe4 f5 20. Qc2 f4 21. dxe6
f3 22. Bxf3 Nxf3+ 23. gxf3 Rxf3 24. Bg5 Rg8 25. h4 Bd4 26. Rxd4 cxd4 27. Qe4
Rff8 28. Qxd4+ Qg7 29. Qxg7+ Rxg7 30. Kf1 Rg6 31. e7 Re8 32. f4 Re6 33. f5 Re4
34. Rd1 h6 35. Bxh6 R8xe7 36. Bg5 Rf7 37. f6 Rxc4 38. Rxd6 Rc2 39. Rb6 Kh7 40.
a4 Kg6 41. b3 Kf5 42. Rb4 Rc3 43. Ke2 Rd7 44. Rf4+ Ke6 45. b4 Rdc7 46. Re4+ Kf7
47. Rd4 R3c4 48. Kd3 b5 49. axb5 axb5 50. Rd8 Rxb4 51. h5 Rbc4 52. h6 Kg6 53.
Rg8+ Kh7 54. Rf8 Rd7+ 55. Ke2 Rcc7 56. Re8 b4 57. Re7+ Rxe7+ 58. fxe7 Rc8 59.
Kd3 Kg6 60. Bf4 b3 61. e8=Q+ Rxe8 62. Kc3 Rf8 63. Bc1 Rc8+ 64. Kb2 Rc2+ 65. Kb1
Rh2 66. Bf4 Re2 67. Ka1 Kf5 68. h7 Re8 69. Bd2 Rh8 70. Kb2 Ke4 71. Kxb3 Rxh7
72. Kc4 Rh5 73. Bc1 Rh8 74. Bd2 Rc8+ 75. Kb5 Kd5 76. Kb6 Rc2 77. Bf4 Rb2+ 78.
Kc7 1/2-1/2

[Event "Finale kadetskih liga-kadeti 2016."]
[Site "Djurdjevac"]
[Date "2016.12.28"]
[Round "3.23"]
[White "Djukin, Marko"]
[Black "Duda, Daniel"]
[Result "1-0"]
[WhiteElo "1707"]
[BlackElo "1925"]
[PlyCount "33"]
[EventDate "2016.12.27"]

1. e4 c5 2. Nf3 e6 3. d4 cxd4 4. Nxd4 a6 5. Nc3 Qc7 6. Be2 Nf6 7. O-O Bb4 8.
Qd3 Bxc3 9. bxc3 Nc6 10. Ba3 b5 11. Nxc6 dxc6 12. Bd6 Qb6 13. e5 Nd5 14. Qg3
Bd7 15. c4 Nc7 16. Qg5 f6 17. Bh5+ 1-0

[Event "Finale kadetskih liga-kadeti 2016."]
[Site "Djurdjevac"]
[Date "2016.12.28"]
[Round "3.31"]
[White "Smetisko, Josip"]
[Black "Jambresic, Filip"]
[Result "0-1"]
[WhiteElo "1942"]
[BlackElo "2007"]
[PlyCount "126"]
[EventDate "2016.12.27"]

1. e4 c5 2. Nf3 e6 3. d4 cxd4 4. Nxd4 a6 5. Nc3 Qc7 6. Be2 Nf6 7. Be3 Nc6 8. f3
Bd6 9. g3 O-O 10. Kf2 Bb4 11. Na4 b5 12. Nxc6 Qxc6 13. Nb6 Rb8 14. Nxc8 Rfxc8
15. Rc1 Bc5 16. Qd2 Qb6 17. Rhd1 d5 18. e5 Nd7 19. f4 Bxe3+ 20. Qxe3 Nc5 21.
Bd3 Na4 22. Rb1 b4 23. Qxb6 Rxb6 24. Ke3 Rbc6 25. Rdc1 f6 26. Kd4 Nc5 27. exf6
gxf6 28. c3 e5+ 29. fxe5 fxe5+ 30. Ke3 d4+ 31. cxd4 exd4+ 32. Kd2 Rf6 33. Rf1
Rcf8 34. Rxf6 Rxf6 35. Bc4+ Kg7 36. Re1 Rf2+ 37. Re2 Rxe2+ 38. Kxe2 Kf6 39. Kf3
Ke5 40. a3 bxa3 41. bxa3 a5 42. Bg8 h6 43. Bc4 Na4 44. Bb3 Nc3 45. Bc4 Nb1 46.
Bd3 Nxa3 47. g4 Kd5 48. h4 Nc4 49. Bxc4+ Kxc4 50. g5 hxg5 51. hxg5 Kc3 52. g6
d3 53. g7 d2 54. Ke2 Kc2 55. g8=Q d1=Q+ 56. Ke3 Qe1+ 57. Kf3 Qf1+ 58. Ke3 Qd3+
59. Kf2 Qc3 60. Qa2+ Kc1 61. Kf1 Qd3+ 62. Ke1 Qd1+ 63. Kf2 Qd2+ 0-1

[Event "Finale kadetskih liga-kadeti 2016."]
[Site "Djurdjevac"]
[Date "2016.12.28"]
[Round "3.32"]
[White "Novosel, Marko"]
[Black "Smetisko, Marija"]
[Result "1-0"]
[WhiteElo "1926"]
[BlackElo "1891"]
[PlyCount "49"]
[EventDate "2016.12.27"]

1. e4 e5 2. Nf3 d6 3. Nc3 Nd7 4. Bc4 c6 5. d4 Be7 6. dxe5 dxe5 7. O-O Ngf6 8.
a4 Qc7 9. h3 O-O 10. Bg5 Nc5 11. Qe2 Be6 12. Rad1 Bxc4 13. Qxc4 Rad8 14. Bxf6
gxf6 15. Nh4 Ne6 16. Nf5 Bc5 17. Qe2 Kh8 18. Nh6 Qc8 19. Qf3 Be7 20. Ne2 Qc7
21. Ng3 Rd4 22. Ngf5 Rxa4 23. Qg3 Rxe4 24. Qg8+ Rxg8 25. Nxf7# 1-0

[Event "Finale kadetskih liga-kadeti 2016."]
[Site "Djurdjevac"]
[Date "2016.12.28"]
[Round "3.33"]
[White "Smetisko, Lucija"]
[Black "Winkler, Sven"]
[Result "0-1"]
[WhiteElo "1645"]
[BlackElo "1643"]
[PlyCount "104"]
[EventDate "2016.12.27"]

1. e4 e6 2. d4 d5 3. exd5 exd5 4. Nc3 c6 5. Bd3 Bd6 6. Nge2 Ne7 7. Bg5 f6 8.
Bf4 Bf5 9. Qd2 Bxd3 10. Qxd3 Na6 11. a3 Nc7 12. O-O-O O-O 13. g4 b5 14. Rhg1
Ne6 15. Qe3 Nxf4 16. Nxf4 Bxf4 17. Qxf4 Ng6 18. Qd2 Qd6 19. Na2 Qxh2 20. Nb4
Qd6 21. Rde1 Rac8 22. Nd3 Rfe8 23. Nc5 Qf4 24. Qxf4 Nxf4 25. Kd2 Kf7 26. Nb7
Rxe1 27. Rxe1 Rc7 28. Nd6+ Kg6 29. f3 Rd7 30. Nf5 Kf7 31. Rg1 g6 32. Ne3 Re7
33. Rh1 Kg7 34. Re1 Kf7 35. Rh1 Kg7 36. Rg1 Kf7 37. Re1 Kf8 38. c3 a5 39. Rg1
Kf7 40. Rh1 Kg7 41. Re1 Kf7 42. Rh1 Kg7 43. Rh4 Rxe3 44. Kxe3 Ng2+ 45. Kf2 Nxh4
46. Kg3 g5 47. f4 Ng6 48. fxg5 fxg5 49. Kf3 Nf4 50. Ke3 Kg6 51. Kf3 h5 52. b3
Nd3 0-1

[Event "Finale kadetskih liga-kadeti 2016."]
[Site "Djurdjevac"]
[Date "2016.12.28"]
[Round "3.13"]
[White "Simunic, Krunoslav"]
[Black "Cigrovski, Jakov"]
[Result "1/2-1/2"]
[WhiteElo "1866"]
[BlackElo "1728"]
[PlyCount "120"]
[EventDate "2016.12.27"]

1. d4 Nf6 2. c4 g6 3. Nc3 Bg7 4. e4 d6 5. Be2 O-O 6. Bg5 c5 7. d5 b5 8. cxb5 a6
9. bxa6 Qa5 10. Bd2 Bxa6 11. a4 Nbd7 12. Nf3 Qb6 13. Rb1 Bxe2 14. Qxe2 Qa6 15.
Qxa6 Rxa6 16. b3 Rb8 17. Bg5 Rab6 18. Nd2 c4 19. Be3 R6b7 20. Nb5 cxb3 21. Rxb3
Ra8 22. Rb4 Nc5 23. O-O Rxa4 24. Rxa4 Nxa4 25. Ra1 Nxd5 26. Rxa4 Nxe3 27. Ra8+
Bf8 28. Nxd6 Rd7 29. fxe3 Rxd6 30. Nc4 Rd1+ 31. Kf2 Kg7 32. Ke2 Rc1 33. Ne5 Rc7
34. Ra3 e6 35. Rd3 Kf6 36. Nd7+ Ke7 37. Nxf8 Kxf8 38. Kf3 Ke7 39. e5 Rc5 40.
Ke4 Rc2 41. Kf3 Rc1 42. Ra3 Rf1+ 43. Ke2 Rb1 44. Ra7+ Kf8 45. Ra5 h5 46. h4 Kg7
47. Kf3 Rb4 48. g3 Rb1 49. Rc5 g5 50. hxg5 Rf1+ 51. Ke2 Rf5 52. e4 Rxg5 53. Kf3
Kh7 54. Kf4 Rg4+ 55. Kf3 Rg8 56. Kf4 Kg6 57. Ra5 Rb8 58. Rc5 Ra8 59. Rb5 Rd8
60. Rc5 Rb8 1/2-1/2

[Event "Finale kadetskih liga-kadeti 2016."]
[Site "Djurdjevac"]
[Date "2016.12.28"]
[Round "4.11"]
[White "Tomulic, Teo"]
[Black "Smetisko, Josip"]
[Result "1-0"]
[WhiteElo "2209"]
[BlackElo "1942"]
[PlyCount "63"]
[EventDate "2016.12.27"]

1. e4 d6 2. Nf3 e5 3. d4 Nd7 4. Bc4 c6 5. Ng5 Nh6 6. O-O Nb6 7. Bb3 Be7 8. Nf3
Ng4 9. dxe5 Nxe5 10. Nxe5 dxe5 11. Qh5 O-O 12. Qxe5 Bd6 13. Qg5 Qc7 14. f4 a5
15. c3 a4 16. Bc2 Nc4 17. Kh1 Ra5 18. e5 Be7 19. Qg3 Rd8 20. Qe1 g6 21. Nd2 Be6
22. Ne4 Bf5 23. Qe2 Nb6 24. b4 Be6 25. Be3 Nc4 26. Bc1 Qd7 27. f5 Bd5 28. Bf4
Nd2 29. Bxd2 Bxe4 30. Qxe4 Qxd2 31. f6 Bf8 32. Rad1 1-0

[Event "Finale kadetskih liga-kadeti 2016."]
[Site "Djurdjevac"]
[Date "2016.12.28"]
[Round "4.21"]
[White "Golub, Nikolina"]
[Black "Kolar, Mihael"]
[Result "0-1"]
[WhiteElo "1856"]
[BlackElo "1720"]
[PlyCount "100"]
[EventDate "2016.12.27"]

1. d4 Nf6 2. c4 e6 3. Nc3 d5 4. Nf3 Bb4 5. e3 O-O 6. Bd3 a6 7. O-O c5 8. cxd5
cxd4 9. exd4 exd5 10. a3 Bxc3 11. bxc3 Bg4 12. h3 Bh5 13. Be2 Ne4 14. Qb3 Nd7
15. c4 dxc4 16. Qxb7 Nc3 17. Qb2 Nxe2+ 18. Qxe2 Re8 19. Qd1 Re6 20. Bg5 Qa5 21.
g4 Bg6 22. Be3 Qd5 23. Ne1 Bd3 24. Nxd3 cxd3 25. Rc1 Rae8 26. Rc3 Nf6 27. Qxd3
Ne4 28. Rc7 h5 29. Bf4 hxg4 30. hxg4 Rg6 31. f3 Ng5 32. Bxg5 Qxg5 33. Rc5 Qf4
34. Rh5 Rxg4+ 35. fxg4 Qxg4+ 36. Kf2 Qxh5 37. Qxa6 Qh4+ 38. Kg2 Qg4+ 39. Kh1
Re2 40. Qa8+ Kh7 41. Rxf7 Qh5+ 42. Kg1 Qxf7 43. Qh1+ Kg8 44. Qa8+ Re8 45. Qc6
Re1+ 46. Kg2 Qf1+ 47. Kg3 Re3+ 48. Kg4 Qe2+ 49. Kf4 Qf2+ 50. Kg4 Rg3+ 0-1

[Event "Finale kadetskih liga-kadeti 2016."]
[Site "Djurdjevac"]
[Date "2016.12.28"]
[Round "4.22"]
[White "Jakrlin, Mihael"]
[Black "Leskovar, Viktor"]
[Result "1-0"]
[WhiteElo "1663"]
[BlackElo "1802"]
[PlyCount "157"]
[EventDate "2016.12.27"]

1. d4 Nf6 2. Bg5 g6 3. Bxf6 exf6 4. e3 Bg7 5. g3 O-O 6. Bg2 d5 7. c4 dxc4 8.
Nc3 c6 9. Nge2 f5 10. O-O Nd7 11. Rc1 Qa5 12. Nf4 Nb6 13. h4 Be6 14. g4 fxg4
15. Nxe6 fxe6 16. Qxg4 Qf5 17. Qxf5 gxf5 18. Ne2 Bf6 19. Nf4 Kf7 20. h5 Be7 21.
Rfe1 Rg8 22. Kf1 Bd6 23. Nh3 Rg7 24. Bf3 Rag8 25. h6 Rg4 26. Bxg4 fxg4 27. Ng1
Rg6 28. f3 g3 29. Re2 Rxh6 30. f4 Rg6 31. Rg2 h5 32. Nf3 Nd5 33. Ke2 b5 34. Rh1
Bxf4 35. exf4 Nxf4+ 36. Kf1 Kg7 37. Rh4 Nxg2 38. Kxg2 Kh6 39. Ne5 Rg7 40. Nxc6
Kg5 41. Kxg3 Rf7 42. Rh1 Rc7 43. Nd8 Rd7 44. Nxe6+ Kf6 45. Re1 Rd6 46. Nc7 Rxd4
47. Nxb5 Rd2 48. Rf1+ Kg5 49. Rf2 Rd3+ 50. Kh2 h4 51. a4 a6 52. Nc3 Re3 53.
Rg2+ Kf5 54. Rg8 Rd3 55. Rb8 Kg4 56. Rb4 Rd2+ 57. Kg1 Kf3 58. Rxc4 Rxb2 59.
Rxh4 Rc2 60. Rh3+ Kf4 61. Rd3 Ke5 62. Kf1 Ke6 63. Ne2 Rc4 64. Nc3 Ke5 65. Ke2
Ke6 66. Re3+ Kd6 67. Kd3 Rh4 68. Re4 Rh6 69. Kc4 Kc6 70. Kb4 Rg6 71. Rc4+ Kb7
72. Nd5 Rg5 73. Rc7+ Kb8 74. Rc5 Kb7 75. Rc7+ Kb8 76. Rd7 Rg1 77. Ka5 Ra1 78.
Kxa6 Rh1 79. Rd8# 1-0

[Event "Finale kadetskih liga-kadeti 2016."]
[Site "Djurdjevac"]
[Date "2016.12.28"]
[Round "4.23"]
[White "Cigrovski, Jakov"]
[Black "Djukin, Marko"]
[Result "0-1"]
[WhiteElo "1728"]
[BlackElo "1707"]
[PlyCount "156"]
[EventDate "2016.12.27"]

1. Nf3 Nf6 2. g3 d5 3. Bg2 c6 4. O-O Bg4 5. d3 Nbd7 6. Nbd2 e5 7. c4 Bc5 8.
cxd5 cxd5 9. Ne1 O-O 10. Nc2 Re8 11. b4 Bb6 12. Nb3 a5 13. bxa5 Bxa5 14. Nxa5
Qxa5 15. Bd2 Qa4 16. f3 Be6 17. Nb4 Qxd1 18. Rfxd1 Nc5 19. Rdc1 Rec8 20. Rc2
Nb3 21. Rxc8+ Bxc8 22. Rd1 Nxd2 23. Rxd2 Ra4 24. Rb2 Kf8 25. Kf2 Ke7 26. Ke1
Kd6 27. Kd2 Kc5 28. Kc3 Be6 29. Nc2 d4+ 30. Kd2 Rxa2 31. Rxb7 Nd5 32. f4 Rxc2+
33. Kxc2 Ne3+ 34. Kd2 Nxg2 35. fxe5 Ne3 36. Rb1 Ng4 37. h4 Nxe5 38. e3 dxe3+
39. Kxe3 Nxd3 40. Ra1 Nb4 41. Kf4 Kd6 42. Rd1+ Nd5+ 43. Ke4 Ke7 44. Ra1 Nf6+
45. Ke3 Ng4+ 46. Kf4 Kf6 47. Ra5 Nf2 48. Kf3 Nd3 49. Ke4 Nb4 50. Kf3 Nd5 51.
Ra3 Ke5 52. Ra4 h5 53. Kf2 Nc3 54. Ra5+ Bd5 55. Ra3 Ne4+ 56. Kg1 Kf5 57. Kh2
Kg4 58. Rd3 Be6 59. Ra3 Bf5 60. Rd3 Nf2 61. Re3 g5 62. hxg5 Kxg5 63. Ra3 Ng4+
64. Kg2 Be4+ 65. Kh3 Nf2+ 66. Kh2 h4 67. gxh4+ Kxh4 68. Kg1 Nd3 69. Ra7 f5 70.
Rf7 Kg3 71. Rg7+ Kf3 72. Kf1 f4 73. Rg8 Ke3 74. Rf8 f3 75. Rxf3+ Kxf3 76. Kg1
Kg3 77. Kf1 Bf3 78. Kg1 Be2 0-1

[Event "Finale kadetskih liga-kadeti 2016."]
[Site "Djurdjevac"]
[Date "2016.12.28"]
[Round "4.31"]
[White "Matanovic, Anto"]
[Black "Cotic, Borna"]
[Result "0-1"]
[WhiteElo "1683"]
[BlackElo "1947"]
[PlyCount "104"]
[EventDate "2016.12.27"]

1. e4 e5 2. Nf3 Nc6 3. Bb5 a6 4. Ba4 Nge7 5. O-O g6 6. c3 Bg7 7. d4 exd4 8.
cxd4 b5 9. Bc2 d5 10. Re1 O-O 11. e5 Bg4 12. Be3 Nf5 13. Bxf5 Bxf5 14. Nbd2 Nb4
15. Bg5 Qd7 16. Re2 Bc2 17. Qc1 Bd3 18. Re3 Bf5 19. Re2 h6 20. Bh4 g5 21. Bg3
Nc2 22. Rb1 g4 23. Nb3 gxf3 24. Rxc2 Bxc2 25. Qxc2 fxg2 26. Kxg2 Rfc8 27. Nc5
Qg4 28. Qd2 Bf8 29. h3 Qg6 30. Rc1 Bxc5 31. Rxc5 c6 32. Kh2 Kh7 33. f4 Rg8 34.
Qf2 f5 35. exf6 Qxf6 36. Bh4 Qf5 37. Rxc6 Rg7 38. Bf6 Rf7 39. Be5 Rg8 40. Rxa6
Rc8 41. Qh4 Qc2+ 42. Kg3 Rg8+ 43. Qg4 Qd3+ 44. Kg2 Rxg4+ 45. hxg4 Qe2+ 46. Kg3
Qe3+ 47. Kg2 Rxf4 48. Ra7+ Kg8 49. Ra8+ Kf7 50. Ra7+ Kg8 51. Ra8+ Rf8 52. Ra7
Rf2+ 0-1

[Event "Finale kadetskih liga-kadeti 2016."]
[Site "Djurdjevac"]
[Date "2016.12.28"]
[Round "4.32"]
[White "Bulic Braculj, Luka"]
[Black "Hajpek, Erik"]
[Result "0-1"]
[WhiteElo "1851"]
[BlackElo "1708"]
[PlyCount "120"]
[EventDate "2016.12.27"]

1. d4 d5 2. c4 c6 3. Nf3 Nf6 4. e3 e6 5. b3 b6 6. Bb2 Bb7 7. Bd3 Nbd7 8. O-O
Be7 9. Nc3 O-O 10. Qc2 Qc7 11. e4 dxe4 12. Nxe4 Nxe4 13. Bxe4 Nf6 14. Bd3 h6
15. Rfd1 Rfd8 16. Qe2 Rac8 17. Rac1 c5 18. dxc5 Qxc5 19. Bb1 Qc6 20. Rxd8+ Rxd8
21. Rd1 Rxd1+ 22. Qxd1 Qd7 23. Qxd7 Nxd7 24. Kf1 Bf6 25. Bxf6 Nxf6 26. Ke2 Ne4
27. Bxe4 Bxe4 28. Ke3 Bc6 29. Kd4 Kf8 30. c5 f6 31. cxb6 axb6 32. b4 Ke7 33. a3
Kd6 34. Ne1 e5+ 35. Kc4 b5+ 36. Kd3 f5 37. f3 g5 38. Nc2 e4+ 39. fxe4 Bxe4+ 40.
Kd2 Bxc2 41. Kxc2 f4 42. Kd2 Kd5 43. Kd3 h5 44. h3 g4 45. hxg4 hxg4 46. Kd2 f3
47. gxf3 gxf3 48. Ke3 Kc4 49. Kxf3 Kb3 50. Ke3 Kxa3 51. Kd2 Kxb4 52. Kc2 Ka3
53. Kb1 Kb3 54. Ka1 Kc2 55. Ka2 b4 56. Ka1 Kb3 57. Kb1 Ka3 58. Ka1 b3 59. Kb1
b2 60. Kc2 Ka2 0-1

[Event "Finale kadetskih liga-kadeti 2016."]
[Site "Djurdjevac"]
[Date "2016.12.28"]
[Round "4.33"]
[White "Drempetic, Mario"]
[Black "Simunic, Krunoslav"]
[Result "1/2-1/2"]
[WhiteElo "1619"]
[BlackElo "1866"]
[PlyCount "160"]
[EventDate "2016.12.27"]

1. e4 e6 2. d4 d5 3. exd5 exd5 4. c4 dxc4 5. Bxc4 Bb4+ 6. Nc3 Nf6 7. Bg5 O-O 8.
Nge2 Nc6 9. O-O Be7 10. Bb3 Bf5 11. Qd2 Ne4 12. Nxe4 Bxe4 13. Bxe7 Nxe7 14. Qf4
Bd5 15. Bc2 Ng6 16. Qg3 Bc4 17. Bd3 Bxd3 18. Qxd3 Qd7 19. Rac1 Rad8 20. Qc4 c6
21. h3 Qd5 22. Qxd5 Rxd5 23. Rfd1 Rfd8 24. b4 Ne7 25. g3 g6 26. Rc2 b6 27. Rdc1
R8d6 28. g4 Kf8 29. f3 g5 30. Kf2 Ke8 31. Rc4 b5 32. Rc5 Rxc5 33. Rxc5 h6 34.
a3 Nd5 35. Ng3 Nf4 36. Nf5 Rf6 37. Re5+ Kd8 38. Kg3 Ng6 39. Re4 Nf4 40. h4 Nd5
41. Re5 Nb6 42. Ne3 gxh4+ 43. Kf2 Rf4 44. d5 Nd7 45. Rh5 Nf6 46. Rxh6 cxd5 47.
Rxh4 Ne4+ 48. Kg2 Nd2 49. Rh3 Kd7 50. Nxd5 Rxf3 51. Rh7 Kd6 52. Rh8 Kxd5 53.
Rd8+ Kc4 54. Rxd2 Rxa3 55. Rf2 Kxb4 56. Rxf7 Kc5 57. g5 Ra6 58. Rf5+ Kc4 59.
Rf6 Ra2+ 60. Kg3 Ra1 61. Kg2 b4 62. g6 Ra5 63. Rf4+ Kc3 64. Rg4 Ra2+ 65. Kg3
Re2 66. g7 Re8 67. g8=Q Rxg8 68. Rxg8 b3 69. Rc8+ Kb4 70. Rb8+ Kc3 71. Rc8+ Kd2
72. Rb8 Kc2 73. Rc8+ Kd3 74. Rb8 Kc3 75. Rc8+ Kb4 76. Rb8+ Ka4 77. Kf2 a5 78.
Ke2 Ka3 79. Kd2 a4 80. Kc3 b2 1/2-1/2

[Event "Finale kadetskih liga-kadeti 2016."]
[Site "Djurdjevac"]
[Date "2016.12.28"]
[Round "4.34"]
[White "Baric, Marko"]
[Black "Hajpek, Egon"]
[Result "1-0"]
[WhiteElo "1586"]
[BlackElo "1510"]
[PlyCount "113"]
[EventDate "2016.12.27"]

1. e4 e5 2. Nf3 Nc6 3. Bc4 Bc5 4. Nc3 Nf6 5. d3 d6 6. h3 h6 7. O-O g5 8. Be3 g4
9. hxg4 Bxg4 10. Bxc5 dxc5 11. Bb5 Nh7 12. Nb1 Qf6 13. Nbd2 Ng5 14. Bxc6+ bxc6
15. Qe2 Rg8 16. Kh1 Nxf3 17. Nxf3 Rg5 18. Qe3 Rh5+ 19. Nh2 Kd7 20. Qg3 Rg8 21.
a4 Rg6 22. Qe3 Be2 23. Qxe2 Qh4 24. Qxh5 Qxh5 25. g3 Qe2 26. Rac1 Rg5 27. Kg2
Qh5 28. Nf3 Qg6 29. Nxg5 hxg5 30. Rh1 f5 31. exf5 Qxf5 32. Rce1 c4 33. Re3 cxd3
34. cxd3 Qf6 35. Re4 Qf5 36. Rhe1 g4 37. R1e3 Qf7 38. Rxg4 Qb3 39. Rge4 Qxb2
40. Rxe5 Qb3 41. R5e4 Qd5 42. g4 c5 43. Kg3 Qd6+ 44. Re5 Qc6 45. g5 Qxa4 46.
Rxc5 Qd4 47. Rce5 Qd6 48. f4 c5 49. Re7+ Qxe7 50. Rxe7+ Kxe7 51. Kf3 Ke6 52.
Ke4 a6 53. f5+ Kf7 54. Kd5 a5 55. Kc4 Kg7 56. Kc3 Kf7 57. Kb2 1-0

[Event "Finale kadetskih liga-kadeti 2016."]
[Site "Djurdjevac"]
[Date "2016.12.28"]
[Round "4.13"]
[White "Duda, Daniel"]
[Black "Smetisko, Lucija"]
[Result "1-0"]
[WhiteElo "1925"]
[BlackElo "1645"]
[PlyCount "119"]
[EventDate "2016.12.27"]

1. e4 e5 2. Nf3 Nc6 3. d4 exd4 4. Bc4 h6 5. O-O Bc5 6. c3 dxc3 7. Bxf7+ Kxf7 8.
Qd5+ Ke8 9. Qh5+ Kf8 10. Qxc5+ d6 11. Qxc3 Qf6 12. Be3 Bg4 13. Nd4 Nge7 14. f3
Bd7 15. f4 Ke8 16. Nd2 Rf8 17. Rae1 Kd8 18. e5 Qg6 19. exd6 Qxd6 20. Nxc6+ Qxc6
21. Qa3 Rf7 22. Nf3 Ng6 23. Ne5 Nxe5 24. fxe5 Qe6 25. Rxf7 Qxf7 26. Rf1 Qe7 27.
Qc3 b6 28. Rd1 Rc8 29. Bf4 Ke8 30. Qg3 Be6 31. Qg6+ Qf7 32. Qe4 Qe7 33. Qa4+
Bd7 34. Qe4 Be6 35. Qa4+ c6 36. Rd6 Bd7 37. Qxa7 Qd8 38. Qa3 Qe7 39. Qd3 Be6
40. Qg6+ Bf7 41. Qxg7 Bxa2 42. Qxh6 Bd5 43. Qh8+ Qf8 44. Qxf8+ Kxf8 45. g4 Rc7
46. h4 Rh7 47. Bg5 Bf3 48. Rd8+ Kf7 49. Rd7+ Kg8 50. e6 Bxg4 51. Rd8+ Kg7 52.
e7 Bh5 53. e8=Q Bxe8 54. Rxe8 Kf7 55. Re7+ Kg8 56. Rxh7 Kxh7 57. Kf2 Kg6 58.
Ke3 Kf5 59. Kd4 Ke6 60. Bd8 1-0

[Event "Finale kadetskih liga-kadeti 2016."]
[Site "Djurdjevac"]
[Date "2016.12.28"]
[Round "4.12"]
[White "Smetisko, Marija"]
[Black "Cvitan, Ena"]
[Result "0-1"]
[WhiteElo "1891"]
[BlackElo "2079"]
[PlyCount "62"]
[EventDate "2016.12.27"]

1. e4 c6 2. d4 d5 3. f3 e6 4. e5 c5 5. Be3 Nc6 6. Bb5 Nge7 7. c3 Nf5 8. Bxc6+
bxc6 9. Bf2 cxd4 10. cxd4 Bb4+ 11. Nd2 O-O 12. a3 Ba5 13. b4 Bb6 14. Ne2 Ba6
15. g4 Bxe2 16. Qxe2 Nxd4 17. Qd3 Nb5 18. h4 a5 19. Rb1 axb4 20. axb4 Ra3 21.
Rb3 Ra1+ 22. Rb1 Ra2 23. g5 Bxf2+ 24. Kxf2 Qb6+ 25. Kg3 Rfa8 26. Rhd1 Nd4 27.
h5 Nf5+ 28. Kh3 Qf2 29. Rg1 R8a3 30. Qf1 Qh4+ 31. Kg2 Ne3# 0-1

[Event "Finale kadetskih liga-kadeti 2016."]
[Site "Djurdjevac"]
[Date "2016.12.28"]
[Round "4.14"]
[White "Brcic, Karlo"]
[Black "Mazuran, Gabrijel"]
[Result "1/2-1/2"]
[WhiteElo "1489"]
[BlackElo "1737"]
[PlyCount "77"]
[EventDate "2016.12.27"]

1. d4 Nf6 2. c4 e6 3. Nc3 Bb4 4. Bg5 h6 5. Bh4 d5 6. e3 O-O 7. Nf3 b6 8. Bd3
Bb7 9. O-O Be7 10. Re1 Ne4 11. Bxe7 Qxe7 12. cxd5 exd5 13. Ne5 Nd7 14. Nxd7
Qxd7 15. Nxe4 dxe4 16. Bc4 Bd5 17. Qb3 c6 18. Rac1 Rac8 19. Re2 Rfd8 20. Rec2
c5 21. Bxd5 Qxd5 22. Qxd5 Rxd5 23. b4 Rd6 24. bxc5 bxc5 25. Rxc5 Rb8 26. Rc8+
Rxc8 27. Rxc8+ Kh7 28. Rc2 Rb6 29. f3 f5 30. Kf2 Kg6 31. Kg3 Kf6 32. h4 g6 33.
fxe4 fxe4 34. Kf4 Re6 35. Rc5 Ra6 36. Rc2 Re6 37. g4 g5+ 38. hxg5+ hxg5+ 39.
Kg3 1/2-1/2

[Event "Finale kadetskih liga-kadeti 2016."]
[Site "Djurdjevac"]
[Date "2016.12.29"]
[Round "5.11"]
[White "Kolar, Mihael"]
[Black "Matanovic, Anto"]
[Result "1-0"]
[WhiteElo "1720"]
[BlackElo "1683"]
[PlyCount "65"]
[EventDate "2016.12.27"]

1. d4 d5 2. Nf3 Nf6 3. c4 c6 4. e3 Bg4 5. h3 Bh5 6. Be2 e6 7. Nc3 Bd6 8. Qb3
Qc7 9. c5 Be7 10. Bd2 Nbd7 11. g4 Bg6 12. Nh4 Be4 13. Bf3 Bxf3 14. Nxf3 Rb8 15.
Qc2 e5 16. a3 e4 17. Ng1 b6 18. b4 O-O 19. Nge2 bxc5 20. bxc5 Rb7 21. Nf4 Rfb8
22. g5 Ne8 23. Nfxd5 cxd5 24. Nxd5 Qd8 25. c6 Rc8 26. Qxe4 Bxg5 27. cxb7 Rb8
28. Rc1 Nd6 29. Qg2 Rxb7 30. Bb4 Nf5 31. Nf6+ Bxf6 32. Qxb7 Nb6 33. Qe4 1-0

[Event "Finale kadetskih liga-kadeti 2016."]
[Site "Djurdjevac"]
[Date "2016.12.29"]
[Round "5.12"]
[White "Hajpek, Erik"]
[Black "Jakrlin, Mihael"]
[Result "1-0"]
[WhiteElo "1708"]
[BlackElo "1663"]
[PlyCount "53"]
[EventDate "2016.12.27"]

1. e4 e6 2. d4 d5 3. Nd2 Nf6 4. e5 Nfd7 5. Bd3 c5 6. c3 Nc6 7. Ne2 f6 8. exf6
Qxf6 9. Nf3 h6 10. O-O cxd4 11. Nexd4 a6 12. Nxe6 Qxe6 13. Re1 Nde5 14. Nxe5
Nxe5 15. Qh5+ Kd8 16. Rxe5 Qc6 17. Rxd5+ Bd7 18. Be4 g6 19. Qe5 Rh7 20. Be3 Re7
21. Qd4 Qe6 22. f3 Bg7 23. Qd3 Be5 24. Rd1 Kc7 25. Bc5 Bf4 26. Bxe7 Bc6 27.
Bd6+ 1-0

[Event "Finale kadetskih liga-kadeti 2016."]
[Site "Djurdjevac"]
[Date "2016.12.29"]
[Round "5.13"]
[White "Djukin, Marko"]
[Black "Drempetic, Mario"]
[Result "1-0"]
[WhiteElo "1707"]
[BlackElo "1619"]
[PlyCount "56"]
[EventDate "2016.12.27"]

1. e4 e5 2. Nf3 Nc6 3. Bc4 Bc5 4. c3 Nf6 5. d3 d6 6. Bb3 a6 7. O-O h6 8. Nbd2
Bg4 9. h3 Bh5 10. Re1 g5 11. Nc4 g4 12. hxg4 Bxg4 13. d4 exd4 14. e5 dxe5 15.
Ncxe5 Nxe5 16. cxd4 Bxf3 17. Rxe5+ Kf8 18. Qxf3 Bxd4 19. Rh5 Qe7 20. Bxh6+ Rxh6
21. Rxh6 c6 22. Rd1 Bxb2 23. Rh8+ Ng8 24. Rh7 Bg7 25. Qg4 Qf6 26. Rd7 Qa1+ 27.
Kh2 Qe5+ 28. f4 Nh6 1-0

[Event "Finale kadetskih liga-kadeti 2016."]
[Site "Djurdjevac"]
[Date "2016.12.29"]
[Round "5.14"]
[White "Hajpek, Egon"]
[Black "Simic, Pavo"]
[Result "1/2-1/2"]
[WhiteElo "1510"]
[BlackElo "1555"]
[PlyCount "53"]
[EventDate "2016.12.27"]

1. e4 e5 2. Nf3 Nc6 3. d4 exd4 4. Nxd4 Bc5 5. Nb3 Bb6 6. Nc3 Nge7 7. Bf4 Ng6 8.
Bg3 O-O 9. Qd2 Na5 10. Nd4 Bxd4 11. Qxd4 Nc6 12. Qd2 d6 13. Be2 f5 14. O-O-O f4
15. Bc4+ Kh8 16. Nd5 Nce5 17. Bb3 fxg3 18. hxg3 Nf7 19. Ne3 Qe7 20. f3 Be6 21.
Bxe6 Qxe6 22. Nf5 Ne7 23. Qf4 Nxf5 24. exf5 Qe5 25. Qg4 Nh6 26. Qg5 Qxf5 27.
Qe3 1/2-1/2

[Event "Finale kadetskih liga-kadeti 2016."]
[Site "Djurdjevac"]
[Date "2016.12.29"]
[Round "5.22"]
[White "Leskovar, Viktor"]
[Black "Smetisko, Marija"]
[Result "1/2-1/2"]
[WhiteElo "1802"]
[BlackElo "1891"]
[PlyCount "97"]
[EventDate "2016.12.27"]

1. Nf3 Nf6 2. g3 g6 3. Bg2 Bg7 4. O-O O-O 5. c4 d5 6. cxd5 Nxd5 7. Nc3 c6 8. a3
Na6 9. Qc2 Qa5 10. Rb1 Nxc3 11. bxc3 Nc5 12. c4 Rd8 13. d3 Bg4 14. Bb2 Bh6 15.
Qc3 Qxc3 16. Bxc3 Na4 17. Ba1 b6 18. Nd4 Rxd4 19. Bxd4 Bxe2 20. Rb4 Bxf1 21.
Bxf1 c5 22. Rxa4 cxd4 23. Bg2 Rb8 24. Rxa7 Bf8 25. Kf1 e5 26. Bd5 b5 27. Rxf7
Kh8 28. Ra7 bxc4 29. Bxc4 Bc5 30. Ra6 Kg7 31. Ke2 Kh6 32. a4 Kg5 33. Ra5 Rc8
34. Rb5 Rc7 35. a5 Kf5 36. f3 Kf6 37. a6 h6 38. Bd5 Ba7 39. Bc4 Bc5 40. Kd1 g5
41. Kc2 Ba7 42. h3 h5 43. Kb3 Rc6 44. Ka4 Rxa6+ 45. Kb3 Rb6 46. Rxb6+ Bxb6 47.
Kc2 Kf5 48. g4+ hxg4 49. hxg4+ 1/2-1/2